LEADER 00916nam a2200229 i 4500 001 000000102581 003 CaOOAMICUS 005 20180830171932.0 008 180830s1933 fr u000 u mul u 013 $a74734 040 $aSeMil$bita 245 10$aQuestions 16-26. 300 $a404 p. 500 $aIn Appendici : Notes explicatives ; Renseignements techniques ; Notes bibliographiques. 650 4$aGesù Cristo - Incarnazione.$0(OLS)http://semarc/subject/1867 700 0 $aTommaso : d'Aquino,$c.$0(OLS)http://semarc/name/423 773 0 $aTommaso : d'Aquino $tSomme Théologique.$dParis : Desclée & Cie $w()6218 773 0 $t[Tertia Pars].$w()6227 773 0 $tVerbe incarné.$gTome3$w()6761 850 $aSeMil 852 $aSeMil$W1$xVenegono$y1$m660 28.4 27c *$j59080$B59080$CSeMilBibl$Z2$F70093 $81 996 $6245$aQuestions 16-26$9(OLS)http://semarc/title/149265 LEADER 01857nam a2200373 i 4500 001 000000041932 003 CaOOAMICUS 005 20200414150640.0 008 950424s1993 it a u000 u mul u 013 $a13102 020 $a88-311-91-37-3 040 $aSeMil$bita 240 10$aContra secundam Iuliani responsionem.$0(OLS)http://semarc/title/429054 245 10$a19.1: Polemica con Giuliano 2./1 :$bOpera incompiuta (libri 1.-3.) /$csant'Agostino ; introduzione e note: Nello Cipriani ; traduzione: Italo Volpi. 264 1$aRoma :$bCittà Nuova,$c1993. 300 $aCIV, 646 p., [4] c. di tav. :$bill. ;$c24 cm 500 $aTesto latino dell'edizione maurina confrontato con il Corpus Christianorum 500 $aNell'occhietto: Parte 1.: Libri, Opere polemiche 700 1 $aVolpi, Italo.$0(OLS)http://semarc/name/20685 700 1 $aCipriani, Nello,$c.$0(OLS)http://semarc/name/20684 700 0 $aAugustinus, Aurelius,$c.$0(OLS)http://semarc/name/498 773 0 $aAugustinus, Aurelius $tOpere di sant'Agostino.$dRoma : Nuova Biblioteca Agostiniana ; Roma : Città Nuova, 1965-$bEd. latino-italiana$kNuova Biblioteca Agostiniana$g19$w()1393 830 0$aNuova Biblioteca Agostiniana.$0(OLS)http://semarc/title/544 850 $aSeMil 852 $aSeMil$W1$xVenegono$y1$mSL1.W V 20/1$j258334$B8087$CSeMilBibl$Z2$F8087 $8I 900 1 $aAgostino : d'Ippona. 900 1 $aSant'Agostino. 961 $aAcquisto: Città Nuova 996 $6020$a88-311-91-37-3$9(OLS)http://semarc/number/79123 996 $6245$a19.1: Polemica con Giuliano 2./1 :$bOpera incompiuta (libri 1.-3.)$9(OLS)http://semarc/title/60957 996 $6264$aRoma :$bCittà Nuova$9(OLS)http://semarc/publisher/29609